00485nam a2200169Ia 450000500170000000800410001704000190005804100120007708200160008910000260010524500740013126000270020530000150023250400430024765000140029085000110030420240412150310.0131103s9999 xx 000 0 und d aLoreto College aEnglish a370.1 bMUK aMukherjee, Kartick C. 2aA Comparative Study of Some Educational ProblemscKartick C.Mukherjee aBombaybLalvani c1972 axii,500p.  aIncludes appendix,bibliography & index aEducation aLCBED